[Event "Wch U12"]
[Site "Al Ain"]
[Date "2013.12.28"]
[Round "11"]
[White "Munemane, Ameya"]
[Black "Low, Zhen Yu Cyrus"]
[Result "1-0"]
[WhiteElo "1705"]
[BlackElo "1868"]
[PlyCount "99"]
[EventDate "2013.12.18"]
[EventType "swiss"]
[EventRounds "11"]
[EventCountry "UAE"]
[SourceTitle "CBM 158 Extra"]
[Source "ChessBase"]
[SourceDate "2014.02.28"]
[SourceVersion "1"]
[SourceVersionDate "2014.02.28"]
[SourceQuality "1"]

1. e4 c5 2. c3 d5 3. exd5 Qxd5 4. d4 Nc6 5. Nf3 Bg4 6. Be2 cxd4 7. cxd4 e6 8. 0-0 Nf6 9. Nc3 Qa5 10. Be3 Be7 11. a3 0-0 12. Qb3 Qc7 13. Rfd1 Rfd8 14. Rac1 Qd7 15. Ne5 Na5 16. Qa2 Qe8 17. Nxg4 Kh8 18. Nxf6 gxf6 19. b4 Nc6 20. d5 exd5 21. Nxd5 Qf8 22. Qb2 Rdc8 23. Bg5 h6 24. Nxe7 hxg5 25. Nxc6 bxc6 26. Qxf6+ Qg7 27. Rxc6 Rxc6 28. Qxc6 Rf8 29. h3 Kg8 30. Bc4 g4 31. hxg4 Qg5 32. Qd5 Qg7 33. Qf5 Re8 34. Bxf7+ Qxf7 35. Qxf7+ Kxf7 36. Rd7+ Kg6 37. Rxa7 Kg5 38. b5 Kxg4 39. b6 Kf5 40. b7 Re1+ 41. Kh2 Rb1 42. a4 Ke6 43. a5 Kd6 44. a6 Kc7 45. Ra8 Rb6 46. Rc8+ Kd7 47. b8Q Rh6+ 48. Kg1 Rxa6 49. Qb7+ Ke6 50. Qxa6+ 1-0

[Event "Wch U12"]
[Site "Al Ain"]
[Date "2013.12.24"]
[Round "8"]
[White "Martin, Julian"]
[Black "Munemane, Ameya"]
[Result "1-0"]
[WhiteElo "1934"]
[BlackElo "1705"]
[PlyCount "89"]
[EventDate "2013.12.18"]
[EventType "swiss"]
[EventRounds "11"]
[EventCountry "UAE"]
[SourceTitle "CBM 158 Extra"]
[Source "ChessBase"]
[SourceDate "2014.02.28"]
[SourceVersion "1"]
[SourceVersionDate "2014.02.28"]
[SourceQuality "1"]

1. e4 c5 2. Nf3 Nc6 3. Bb5 g6 4. Bxc6 dxc6 5. d3 Bg7 6. Nc3 Nf6 7. h3 0-0 8. Be3 Nd7 9. Qd2 b6 10. Bh6 Nf6 11. 0-0 Re8 12. a4 e5 13. Be3 Nd7 14. a5 b5 15. Ne2 Qe7 16. Nh2 f5 17. exf5 gxf5 18. Bg5 Qd6 19. Ng3 Qg6 20. Nf3 h6 21. Bh4 e4 22. Nh2 Bxb2 23. dxe4 fxe4 24. Rae1 Bf6 25. Qd6 Kg7 26. Qxc6 Rb8 27. Bxf6+ Nxf6 28. Qxc5 Rb7 29. Re3 Rbe7 30. Rd1 h5 31. Nf3 Qh6 32. Nh4 Re5 33. Nhf5+ Bxf5 34. Nxf5+ Kg6 35. Qxe5 Rxe5 36. Nxh6 Kxh6 37. f3 Kg5 38. Rd4 Kf5 39. Rd8 b4 40. Rd4 Rxa5 41. fxe4+ Ke5 42. Rxb4 Rc5 43. c3 a5 44. Ra4 Nd7 45. Rf3 1-0

[Event "Wch U12"]
[Site "Al Ain"]
[Date "2013.12.22"]
[Round "6"]
[White "Petkov, Matey"]
[Black "Munemane, Ameya"]
[Result "1-0"]
[WhiteElo "1833"]
[BlackElo "1705"]
[PlyCount "69"]
[EventDate "2013.12.18"]
[EventType "swiss"]
[EventRounds "11"]
[EventCountry "UAE"]
[SourceTitle "CBM 158 Extra"]
[Source "ChessBase"]
[SourceDate "2014.02.28"]
[SourceVersion "1"]
[SourceVersionDate "2014.02.28"]
[SourceQuality "1"]

1. d4 d5 2. Bg5 h6 3. Bh4 Bf5 4. e3 c6 5. c4 Qa5+ 6. Nc3 e6 7. a3 Nd7 8. Nf3 Ngf6 9. Bd3 dxc4 10. Bxc4 Ne4 11. 0-0 Bd6 12. Nxe4 Bxe4 13. Qb3 Bxf3 14. gxf3 Qh5 15. Bg3 Bxg3 16. fxg3 Ke7 17. e4 b5 18. Be2 Rhc8 19. Rfe1 Kf8 20. f4 Qg6 21. Bf3 Rab8 22. Rac1 Qf6 23. e5 Qe7 24. Bxc6 a6 25. Qb4 Qxb4 26. axb4 Nb6 27. b3 Rd8 28. Red1 Rbc8 29. Rc5 Ke7 30. Kf2 f6 31. Bb7 Rxc5 32. bxc5 Nd7 33. b4 a5 34. c6 axb4 35. c7 1-0

[Event "Wch U12"]
[Site "Al Ain"]
[Date "2013.12.21"]
[Round "5"]
[White "Munemane, Ameya"]
[Black "Rahul, Srivatshav P"]
[Result "0-1"]
[WhiteElo "1705"]
[BlackElo "1843"]
[PlyCount "51"]
[EventDate "2013.12.18"]
[EventType "swiss"]
[EventRounds "11"]
[EventCountry "UAE"]
[SourceTitle "CBM 158 Extra"]
[Source "ChessBase"]
[SourceDate "2014.02.28"]
[SourceVersion "1"]
[SourceVersionDate "2014.02.28"]
[SourceQuality "1"]

1. e4 c5 2. c3 Nf6 3. e5 Nd5 4. Nf3 Nc6 5. d4 cxd4 6. cxd4 d6 7. Bc4 Nb6 8. Bb5 e6 9. Nc3 Be7 10. exd6 Bxd6 11. 0-0 0-0 12. a3 Ne7 13. Qc2 Ng6 14. Bd3 Bd7 15. Ng5 f5 16. Re1 Qf6 17. Qe2 Rae8 18. Be3 Bc6 19. b4 h6 20. Nh3 f4 21. Bd2 f3 22. Qf1 fxg2 23. Qe2 Bf3 24. Ne4 Qh4 25. Qe3 Nd5 26. Qe2 0-1